| 000 | 00500nam a2200193Ia 4500 | ||
|---|---|---|---|
| 008 | 191125s9999 xx 000 0 und d | ||
| 020 | _a9781555814717 | ||
| 041 | _a13+704 | ||
| 041 | _aENGLISH | ||
| 082 | _a577.2 KRE | ||
| 100 | _aKreuzer (Helen); Massey (Adrianne) | ||
| 245 | 0 | _aMolecular Biology and Biotechnology: A Guide for Teachers | |
| 250 | _n3 | ||
| 260 |
_bAsm Press _c13+704 |
||
| 365 |
_b4099.07 _dRupees |
||
| 563 | _aPaper Pack | ||
| 650 | _aMolecular Biology | ||
| 942 | _cBK | ||
| 999 |
_c72925 _d72925 |
||